| 000 | 00427nam a2200157 i 4500 | ||
|---|---|---|---|
| 001 | 21117 | ||
| 003 | ES-MaACL | ||
| 005 | 20230906152424.0 | ||
| 007 | t| | ||
| 008 | 021121s1967 sp ||||1| spa d | ||
| 100 | 1 |
_aAlas Suarez, Alejandro. _919164 |
|
| 245 | 1 | 3 |
_aEl profetismo en la Iglesia / _cAlejandro Alas Suarez. |
| 260 |
_aMadrid : _bZYX, _c[1967] |
||
| 300 |
_a72 p. ; _c17 cm. |
||
| 852 |
_aES-MaACL _jC-32685 _bR.63424 |
||
| 999 |
_c21117 _d21117 |
||